Biblioteca y Centro de Documentación

Restos a la financiación de las pymes (Registro nro. 49232)

Detalles MARC
000 -CABECERA
Longitud fija campo de control 01000naa a2200253 c 4500
001 - NÚMERO DE CONTROL
Número de control 49232
003 - IDENTIFICADOR DE NÚMERO DE CONTROL
Identificador del número de control ES-MaCES
005 - FECHA Y HORA DE LA ÚLTIMA TRANSACCIÓN
Fecha y hora de la última transacción 20170418145423.0
008 - CAMPO FIJO DE DESCRIPCIÓN FIJA--INFORMACIÓN GENERAL
Códigos de información de longitud fija   170418s20162017sp ||||| t||||||| ||spa d
040 ## - FUENTE DE CATALOGACIÓN
Centro catalogador de origen ES-MaCES
Lengua de catalogación spa
Centro transcriptor ES-MaCES
Centro modificado ES-MaCES
100 1# - ENCABEZAMIENTO PRINCIPAL--NOMBRE PERSONAL
9 (RLIN) 38059
Nombre de persona Peña Cuenca, Irene
245 10 - MENCIÓN DE TÍTULO
Título Restos a la financiación de las pymes
Mención de responsabilidad, etc. Irene Peña Cuenca, Fernando Rojas, Pablo Guijarro Segado
650 #4 - ASIENTO SECUNDARIO DE MATERIA--TÉRMINO DE MATERIA
9 (RLIN) 30173
Término de materia o nombre geográfico como elemento inicial pequeña empresa
650 #4 - ASIENTO SECUNDARIO DE MATERIA--TÉRMINO DE MATERIA
9 (RLIN) 28125
Término de materia o nombre geográfico como elemento inicial financiación
650 #4 - ASIENTO SECUNDARIO DE MATERIA--TÉRMINO DE MATERIA
9 (RLIN) 30640
Término de materia o nombre geográfico como elemento inicial acceso a créditos
650 #4 - ASIENTO SECUNDARIO DE MATERIA--TÉRMINO DE MATERIA
9 (RLIN) 30016
Término de materia o nombre geográfico como elemento inicial creación de empresa
650 #4 - ASIENTO SECUNDARIO DE MATERIA--TÉRMINO DE MATERIA
9 (RLIN) 28230
Término de materia o nombre geográfico como elemento inicial innovación
653 10 - TÉRMINO DE INDEXACIÓN--NO CONTROLADO
Término no controlado Empresa
700 1# - ENCABEZAMIENTO SECUNDARIO--NOMBRE PERSONAL
9 (RLIN) 38060
Nombre de persona Rojas, Fernando
700 1# - ENCABEZAMIENTO SECUNDARIO--NOMBRE PERSONAL
9 (RLIN) 38061
Nombre de persona Guijarro Segado, Pablo
773 0# - ENTRADA DE DOCUMENTO FUENTE
Itemnumber del ítem fuente 85812
Lugar, editor y fecha de publicación [Madrid (Virgen de los Peligros, 4, 4º, 28013)] Servicio de Estudios y Divulgación de la UNAC D.L. 1996-
Otro identificador del documento 088710
Título Banca cooperativa
Número de control del registro relacionado (ES-MaCES)25783
Parte(s) relacionada(s) n. 69 (invierno 2016-2017) {55/797 R. 088710} ;p. 32-33
902 ## - CES. TIPO DE DOCUMENTO
Tipodoc (006$c Sirtex) ART Artículo de revista
942 ## - ELEMENTOS KOHA
Fuente de clasificaión o esquema Clasificación propia del CES
Koha [por defecto] tipo de item Artículos (1982-2017)
Parte de clasificación Economía

No hay ítems disponibles.

© CES, Consejo Económico y Social de España 2021